000 00593nam a2200217 a 4500
001 000022977
005 20240509192331.0
008 101123s2001 ck a r 000 | spa d
020 _a9589196608
040 _aDO-SdBNP
_bspa
_cBNPHU
082 _a306.81
_bA926ma
100 1 _aAun Weor , Samael
_d1917-1977
_947250
245 1 3 _aEl Matrimonio Perfecto /
_cSamael Aun Weor.
260 _aBogotá :
_bSOLAR,
_c2001.
300 _a322 p. :
_bil. ;
_c20 cm.
490 1 _aSOLAR
650 0 _aMatrimonio
_9797
650 4 _aSexo en el matrimonio
_9804
830 0 _aSOLAR
_919241
049 _aBNGR
999 _c22474
_d22474